| 000 | 00603nam a22001817a 4500 | ||
|---|---|---|---|
| 999 |
_c62272 _d62272 |
||
| 005 | 20240911161304.0 | ||
| 008 | 240911s2023 enk||||| |||| 00| 0 eng d | ||
| 020 | _a9781732568211x | ||
| 041 | _aeng | ||
| 080 | _a613.88 A-46 | ||
| 100 |
_aAmy, Jean-Mehu Kristina _923199 |
||
| 245 |
_aPersonal Care & Sexual Education / _cKristina, Amy Jean-Mehu M.D |
||
| 264 |
_aTroutdale, _c2023. |
||
| 300 |
_a90 p.: _bill.; _c23 cm. |
||
| 653 | _aპირადი ჰიგიენა და სექსუალური განათლება | ||
| 653 | _aმედიცინა | ||
| 942 |
_2udc _cBK |
||